000 00558nam a2200229Ia 4500
003 OSt
005 20221005133250.0
006 a|||||r|||| 00| 0
007 ta
008 221004b |||||||| |||| 00| 0 eng d
024 _a58631
037 _cTextual
040 _aCRL
_cCRL
_beng
041 _2eng
_aeng
082 _aV2:25xM69x, H42
100 _aFischer Louis
_995684
245 0 _aWeek with Gandhi
260 _c1944
650 _aHISTORY
942 _hV2:25xM69x, H42
_cTEXL
_2cc
999 _c1066296
_d1066296